000 00437nam a22001817a 4500
005 20231031165335.0
008 231031b |||||||| |||| 00| 0 eng d
020 _a978-93-88267-30-4
041 _aeng
082 _a343.07
100 _aMISRA, SURYA NARAYAN
_95876
245 _aLABOUR AND INDUSTRIAL LAWS
250 _a29TH, ED.
260 _aALLAHABAD
_bCENTRAL LAW PUBLICATION
300 _a1220;p
650 _aLAW
942 _cBK
999 _c8435
_d8433